| 000 | 00632nam a22002057a 4500 | ||
|---|---|---|---|
| 003 | OSt | ||
| 005 | 20250709070010.0 | ||
| 008 | 250709b |||||||| |||| 00| 0 eng d | ||
| 020 | _a9789719654506 | ||
| 040 |
_aDWCL - Main lib _cOC |
||
| 082 | _aFil. 515.33 S129d 2016 | ||
| 100 | _aSagales, Ederlina B. Manjquiz | ||
| 245 |
_aDifferential calculus : _b a work text/ |
||
| 300 |
_avi, 184 pages : _billustrations ; _c26 cm. |
||
| 504 | _aIncludes bibliographical references. | ||
| 650 | _a1. Differential calculus. | ||
| 650 | _a2. Differential equations. | ||
| 700 | _a[and three others] | ||
| 942 |
_2ddc _cBK - FIL _kFil. _n0 |
||
| 999 |
_c3539 _d3539 |
||